Medzinárodné financie

Podrobná bibliografia
Hlavný autor: Spuchľáková, Erika (Autor)
Médium: Kniha
Jazyk:slovenčina
Fyzický popis:126 s. grafy, sch., tab. 26 cm
Vydavateľské údaje: Bratislava Dolis 2015
ISBN:9788081810275
Vydanie:1. vyd.
Predmet:

MARC

LEADER 00000nam a2200000 a 4500
001 vtls011535591
003 SK-MaSNL
005 20260302051645.0
008 240318s2015 xo da e n 000 0 slo
015 |a SNBA2016/04 
020 |a 9788081810275  |q (viaz.) 
035 |a urn:nbn:sk:snk-am00bcw7 
035 |a urn:nbn:sk:snk-am3h9jn 
035 |a A6C8559F-E90F-4106-BA9B-B5FE59D1F90D 
040 |a SNK  |b slo  |c SNK  |e AACR2 
041 0 |a slo 
044 |a xo  |c SK 
072 7 |a 339.7/.9  |x Svetová ekonomika a medzinárodné financie  |2 konspekt 
080 |a 339.7  |2 2011 
080 |a (075.8)  |2 2011 
100 1 |a Spuchľáková, Erika  |4 aut  |9 548938 
245 1 0 |a Medzinárodné financie  |c Erika Spuchľáková 
250 |a 1. vyd. 
260 |a Bratislava  |b Dolis  |c 2015 
300 |a 126 s.  |b grafy, sch., tab.  |c 26 cm 
366 |e 150 výt. 
504 |a Bibliogr.: s. 119-126 
650 0 7 |a medzinárodné financie  |2 SNKPH  |9 2309 
650 0 7 |a International finances  |2 SNKPHeng  |9 310515 
655 7 |a učebnice vysokých škôl  |2 SNKPH  |9 70191 
655 7 |a Textbooks (higher)  |2 SNKPHeng  |9 276436 
919 |a 978-80-8181-027-5 
958 |a NB 
999 |c 1102014  |d 1103944 
952 |a SNK  |b SNK  |y PREZ  |7 0  |p 17A1183537  |o snkSB 89832  |i snk2016/7643  |8 0  |0 0  |1 0  |4 0  |d 2016-03-17  |f 1  |l 0  |r 2025-05-12 00:00:00  |w 2026-02-24 
952 |a SNK  |b SNK  |y VYP  |7 0  |p 17A1183538  |o snkSB 89832 D1  |i snk2016/7644  |8 0  |0 0  |1 0  |4 0  |d 2016-03-17  |l 0  |r 2026-02-24 17:34:09  |w 2026-02-24